000
00217nam a22000857a 4500
008
170620b xxu||||| |||| 00| 0 eng d
100
_9
3583
_a
National Book
245
_a
Nehru and Azadon 1857
260
_a
New Delhi
_b
NBT
_c
2008
999
_c
6969
_d
6969